Teaching Tolerance in a Globalized World (Record no. 96953)

MARC details
000 -LEADER
fixed length control field 01325nam a2200265Ii 4500
008 - FIXED-LENGTH DATA ELEMENTS--GENERAL INFORMATION
fixed length control field 221202s xx 000 0 und d
245 #0 - TITLE STATEMENT
Title Teaching Tolerance in a Globalized World
264 #1 - PRODUCTION, PUBLICATION, DISTRIBUTION, MANUFACTURE, AND COPYRIGHT NOTICE
Place of production, publication, distribution, manufacture Cham
Name of producer, publisher, distributor, manufacturer Springer Nature
Date of production, publication, distribution, manufacture, or copyright notice 2018
300 ## - PHYSICAL DESCRIPTION
Extent 1 online resource (138 pages)
336 ## - CONTENT TYPE
Content type term text
Content type code txt
Source rdacontent
337 ## - MEDIA TYPE
Media type term computer
Media type code c
Source rdamedia
338 ## - CARRIER TYPE
Carrier type term online resource
Carrier type code cr
Source rdacarrier
490 ## - SERIES STATEMENT
Series statement IEA Research for Education
Volume/sequential designation 4
520 ## - SUMMARY, ETC.
Summary, etc. Attitudes towards diversity; International large-scale assessment; International Civic and Citizenship Study; ICCS; Comparative and international education; School segregation; Intergenerational transmission of inequality; Open classroom for discussion; Measurement invariance; Multilevel Structural Equation Modelling; Tolerance
653 ## - INDEX TERM--UNCONTROLLED
Uncontrolled term Attitudes Towards Diversity
653 ## - INDEX TERM--UNCONTROLLED
Uncontrolled term Comparative And International Education
653 ## - INDEX TERM--UNCONTROLLED
Uncontrolled term Iccs
653 ## - INDEX TERM--UNCONTROLLED
Uncontrolled term International Civic And Citizenship Study
653 ## - INDEX TERM--UNCONTROLLED
Uncontrolled term International Large-Scale Assessment
700 1# - ADDED ENTRY--PERSONAL NAME
Personal name Isac, Maria Magdalena
700 1# - ADDED ENTRY--PERSONAL NAME
Personal name Miranda, Daniel
700 1# - ADDED ENTRY--PERSONAL NAME
Personal name Sandoval-Hernández, Andrés
856 ## - ELECTRONIC LOCATION AND ACCESS
Uniform Resource Identifier <a href="https://docs.google.com/spreadsheets/d/1yKIrdCPDAG_9c22mwoOIO2DOhtj65Wqa/edit?usp=sharing&ouid=106555315294820607512&rtpof=true&sd=true ">https://docs.google.com/spreadsheets/d/1yKIrdCPDAG_9c22mwoOIO2DOhtj65Wqa/edit?usp=sharing&ouid=106555315294820607512&rtpof=true&sd=true </a>
Link text List of Curated E-Books
942 ## - ADDED ENTRY ELEMENTS (KOHA)
Koha item type E-Book

No items available.

University of Rizal System
Email us at univlibservices@urs.edu.ph

Visit our Website www.urs.edu.ph/library